Preparando la vía ejecutiva para un título digital con una firma que es firma, pero no es “firma” (¿o sí?) (Registro nro. 33864)
[ vista simple ]
| 000 -LEADER | |
|---|---|
| fixed length control field | 00403 a2200109 4500 |
| 001 - CONTROL NUMBER | |
| control field | ART_56699 |
| 005 - DATE AND TIME OF LATEST TRANSACTION | |
| control field | 20260410162029.0 |
| 008 - FIXED-LENGTH DATA ELEMENTS--GENERAL INFORMATION | |
| fixed length control field | 260409a |
| 100 1# - MAIN ENTRY--PERSONAL NAME | |
| Personal name | Rossi, Jorge O. |
| 245 10 - TITLE STATEMENT | |
| Title | Preparando la vía ejecutiva para un título digital con una firma que es firma, pero no es “firma” (¿o sí?) |
| 773 0# - HOST ITEM ENTRY | |
| Title | Temas de derecho procesal |
| Related parts | - Año 6, N° 8 (ago. 2022) |
| Record control number | REV44095 |
No hay ítems disponibles.